|
|
|
|
| LEADER |
00000cam a2200000 7i4500 |
| 001 |
0000015926 |
| 005 |
20080417.0 |
| 008 |
080417 |
| 020 |
|
|
|a 9834206305
|
| 090 |
0 |
0 |
|a 658.42
|b RAZ
|
| 100 |
0 |
|
|a Razak Abu Bakar
|
| 245 |
1 |
0 |
|a Ceo pr kit :
|b 101 PR tips to turn your into a star CEO
|c Razak Abu Bakar
|
| 260 |
|
|
|a Selangor :
|b Alpha Paltform PR ,
|c 2005
|
| 650 |
|
0 |
|a Chief executive officers
|x Handbooks, manuals, etc
|
| 650 |
|
0 |
|a Executives
|x Handbooks, manuals, etc
|
| 999 |
|
|
|a 0001014266
|b Book
|c Adult Collection
|e Perbadanan Perpustakaan Awam Johor
|
| 999 |
|
|
|a 0001015506
|b Book
|c Adult Collection
|e Perbadanan Perpustakaan Awam Johor
|